000 01320nas1a2200289 4500
001 RU\NLR\BIBL_A\011440749
005 20240727025745.0
035 _a(NLR Aleph) 011440749
090 _a11700773
_c11700773
100 _a20170718b19181918|||y0rusy5050 ca
101 0 _arus
102 _aRU
110 _acaa
200 1 _aВестник Комитета членов Всероссийского Учредительного собрания
_fЗав. ред. и изд. С. А. Волков
207 1 _a1918, 10 июля - [5 окт.]
210 _aСамара
_d1918
300 _aЗагл. на колонтит.: Вестник Комитета Учредительного собрания
311 _aРанее, по 9 июля 1918, изд. газ. "Самарские ведомости" (см. )
430 0 _aСамарские ведомости
_12001
515 1 _aВестник Комитета Учредительного собрания
702 1 _aВолков
_bС. А.
_gСергей Александрович
_4340
710 0 0 _aВсероссийское учредительное собр.
_f1918
_gСамарский комитет
852 _aNLR
_jР2/6332
942 _cNEWSPAPER